| 000 | 00599nam a22001817a 4500 | ||
|---|---|---|---|
| 005 | 20231116061333.0 | ||
| 008 | 231116b |||||||| |||| 00| 0 eng d | ||
| 020 | _a0409028436 | ||
| 041 | _aEnglish | ||
| 082 | _a344.1 DUP | ||
| 100 |
_adu Plessis, JV ; Fouche, MA and Van Wyk, MW _lEnglish |
||
| 245 |
_aA Practical Guide to Labor Law / _cJV du Plessis, MA Fouche and MW Van Wyk |
||
| 250 | _aFifth Edition | ||
| 260 |
_aDurban : _bLexisNexis Butterworth, _c2002 |
||
| 300 |
_bxiii, 400 pages ; _c25 cm. |
||
| 650 |
_aLegal practice _bLaw |
||
| 942 |
_cBK _6ALISON_BN_VRIES |
||
| 999 |
_c697 _d697 |
||